Studies in modern Indian history; (Record no. 54379)
[ view plain ]
| 000 -LEADER | |
|---|---|
| fixed length control field | 00745cam a22002531 4500 |
| 001 - CONTROL NUMBER | |
| control field | sa 63002262 |
| 003 - CONTROL NUMBER IDENTIFIER | |
| control field | DLC |
| 005 - DATE AND TIME OF LATEST TRANSACTION | |
| control field | 20260227111932.0 |
| 008 - FIXED-LENGTH DATA ELEMENTS--GENERAL INFORMATION | |
| fixed length control field | 840118s1963 ii b b 000 0 eng |
| 010 ## - LIBRARY OF CONGRESS CONTROL NUMBER | |
| LC control number | sa 63002262 |
| 035 ## - SYSTEM CONTROL NUMBER | |
| System control number | (OCoLC)10311484 |
| 040 ## - CATALOGING SOURCE | |
| Original cataloging agency | DLC |
| Transcribing agency | MiRochOU |
| Modifying agency | MiRochOU |
| -- | DLC |
| 042 ## - AUTHENTICATION CODE | |
| Authentication code | premarc |
| 043 ## - GEOGRAPHIC AREA CODE | |
| Geographic area code | a-ii--- |
| 050 00 - LIBRARY OF CONGRESS CALL NUMBER | |
| Classification number | DS463 |
| Item number | .G78 |
| 100 1# - MAIN ENTRY--PERSONAL NAME | |
| Personal name | Grover, B. L. |
| 245 10 - TITLE STATEMENT | |
| Title | Studies in modern Indian history; |
| Remainder of title | from 1707 to the present day, |
| -- | y B.L. Grover [and] R.R. Sethi. |
| 250 ## - EDITION STATEMENT | |
| Edition statement | [1st ed.] |
| 260 ## - PUBLICATION, DISTRIBUTION, ETC. | |
| Place of publication, distribution, etc. | Delhi, |
| Name of publisher, distributor, etc. | S. Chand, |
| Date of publication, distribution, etc. | 1963. |
| 300 ## - PHYSICAL DESCRIPTION | |
| Extent | xiii, 440 p., |
| Other physical details | maps |
| Dimensions | 23 cm. |
| 504 ## - BIBLIOGRAPHY, ETC. NOTE | |
| Bibliography, etc. note | Includes bibliographical references. |
| 651 #0 - SUBJECT ADDED ENTRY--GEOGRAPHIC NAME | |
| Geographic name | India |
| General subdivision | History. |
| 700 1# - ADDED ENTRY--PERSONAL NAME | |
| Personal name | Sethi, R. R., |
| Relator term | joint author. |
No items available.